2000 [i.e. Dos mil] combinaciones de color : para diseñadores gráficos, textiles y artesanales /

Libro esencialmente visual que presenta la cantidad de combinaciones cromáticas anunciadas, describiendo las mezclas correspondientes de pigmentos para el trabajo análogo y los códigos en el caso del color digital.

Tallennettuna:
Bibliografiset tiedot
Päätekijä: Lewis, Garth (autor)
Aineistotyyppi: Kirja
Kieli:espanja
Julkaistu: Barcelona, España : Blume, 2009, c2009
Aiheet:
Tagit: Lisää tagi
Ei tageja, Lisää ensimmäinen tagi!

MARC

LEADER 00000nam^a2200000^a^4500
001 000316107
005 20250521000000.0
009 20260310113303.391
020 |a 978-84-8076-839-9 
037 |a Acervo ITESO - Biblioteca 
041 |a ESP 
082 |a 701. 8  |b LEW 
100 |a Lewis, Garth  |e (autor) 
245 1 0 |a 2000 [i.e. Dos mil] combinaciones de color :  |b para diseñadores gráficos, textiles y artesanales /  |c G. Lewis ; tr. por Remedios Diéguez Diéguez. 
264 4 |a Barcelona, España :  |b Blume,  |c 2009, c2009 
300 |a 336 p. 
336 |a texto  |b txt  |2 rdacontenido 
337 |a sin mediación  |b n  |2 rdamedio 
338 |a volumen  |b nc  |2 rdasoporte 
500 |a Traducción de: 2000 Colour Combinations 
520 |a Libro esencialmente visual que presenta la cantidad de combinaciones cromáticas anunciadas, describiendo las mezclas correspondientes de pigmentos para el trabajo análogo y los códigos en el caso del color digital. 
649 |a XX 
650 |a Color -  |x Tema Principal 
650 |a Artesanía 
650 |a Diseño Gráfico 
650 |a Diseño Textil 
650 |a Diseño Gráfico 
650 |a Diseño -  |x Tema Principal 
650 |a Diseño -  |x Técnica 
650 |a Diseño -  |x Materiales y Equipo 
650 |a Arte -  |x Técnica 
650 |a Arte -  |x Materiales y Equipo 
910 |a Fondo General 
920 |a Impresos - Libros 
930 |a Colección General 
905 |a 101 
901 |a 0500203021  |b IT1  |c ACC  |i C129902  |u 20250521 
902 |a https://opac.biblio.iteso.mx/vufind/Record/000316107